000 01268nam a2200217Ia 4500
003 Ost
005 20260416102357.0
008 260416s9999||||xx |||||||||||||| ||und||
040 _cfsecg
041 _aara
082 _a330
100 _aكرميش، امال
_eمؤلف
245 0 _a أعمال موجهة في اقتصاد المؤسسة :
_bموجهة لطلبة السنة الثانية قسم العلوم الاقتصادية /
_c امال كرميش
260 _aالجزائر
_bجامعة الجزائر3: كلية العلوم الإقتصادية، العلوم التجارية وعلوم التسيير
_c2022
300 _a107 ورقة
_bايضاحات
_c30 سم
504 _aمراجع ص.102
520 _aالمؤسسة الإقتصادية، المؤسسة و المحيط، تنظيم المؤسسة، وظائف المؤسسة، أدوات التحليل الإقتصادي للمؤسسة، نمو المؤسسة.
653 _aالاقتصاد
710 _aجامعة الجزائر3: كلية العلوم الإقتصادية، العلوم التجارية وعلوم التسيير
_eناشر علمي
942 _cHANDOUT
999 _c41271
_d41271